<?xml version="1.0" encoding="UTF-8"?>
<record
    xmlns:xsi="http://www.w3.org/2001/XMLSchema-instance"
    xsi:schemaLocation="http://www.loc.gov/MARC21/slim http://www.loc.gov/standards/marcxml/schema/MARC21slim.xsd"
    xmlns="http://www.loc.gov/MARC21/slim">

  <leader>02510nam a22003257a 4500</leader>
  <controlfield tag="003">OSt</controlfield>
  <controlfield tag="005">20210326140227.0</controlfield>
  <controlfield tag="008">210326t1993    sp ad||gr|||| 001 0 spa d</controlfield>
  <datafield tag="020" ind1=" " ind2=" ">
    <subfield code="a">8448100794</subfield>
  </datafield>
  <datafield tag="040" ind1=" " ind2=" ">
    <subfield code="a">CO-JMCR</subfield>
    <subfield code="c">CO-JMCR</subfield>
  </datafield>
  <datafield tag="041" ind1="1" ind2=" ">
    <subfield code="a">spa</subfield>
    <subfield code="h">eng</subfield>
  </datafield>
  <datafield tag="082" ind1="0" ind2="4">
    <subfield code="a">005.74 / </subfield>
    <subfield code="b">K854f</subfield>
    <subfield code="2">21</subfield>
  </datafield>
  <datafield tag="100" ind1="1" ind2=" ">
    <subfield code="a">Korth, Henry F., </subfield>
    <subfield code="e">autor</subfield>
    <subfield code="9">36588</subfield>
  </datafield>
  <datafield tag="245" ind1="1" ind2="0">
    <subfield code="a">Fundamentos de bases de datos / </subfield>
    <subfield code="c">Henry F. Korth, Abraham Silberschatz ; traducci&#xF3;n, Ma. Angeles Vaquero Martin, Antonio Vaquero Garc&#xED;a ; revisi&#xF3;n t&#xE9;cnica, Ma. Amparo Vila Miranda</subfield>
  </datafield>
  <datafield tag="250" ind1=" " ind2=" ">
    <subfield code="a">Segunda edici&#xF3;n</subfield>
  </datafield>
  <datafield tag="260" ind1=" " ind2=" ">
    <subfield code="a">Madrid, </subfield>
    <subfield code="b">Mc Graw-Hill, </subfield>
    <subfield code="c">&#xA9;1993</subfield>
  </datafield>
  <datafield tag="300" ind1=" " ind2=" ">
    <subfield code="a">xx, 739 p&#xE1;ginas : </subfield>
    <subfield code="b">ilustraciones y gr&#xE1;ficas a blanco y negro ; </subfield>
    <subfield code="c">24 cm.</subfield>
  </datafield>
  <datafield tag="500" ind1=" " ind2=" ">
    <subfield code="a">Incluye &#xED;ndice alfab&#xE9;tico.</subfield>
  </datafield>
  <datafield tag="504" ind1=" " ind2=" ">
    <subfield code="a">Bibliograf&#xED;a: p&#xE1;ginas 679-724</subfield>
  </datafield>
  <datafield tag="505" ind1="0" ind2=" ">
    <subfield code="a">Modelo entidad-relaci&#xF3;n -- Modelo relacional -- Lenguajes relacionales comerciales -- Restricciones de integridad -- Dise&#xF1;o de bases de datos relacionales -- Estructura de archivos y sistemas -- Indexaci&#xF3;n y asociatividad (hashing) -- Procesamiento de consultas -- Recuperaci&#xF3;n y atomicidad -- Control de concurrencia -- Procesamiento de transacciones -- Modelo orientado a objetos -- Sistemas relacionados extendidos -- Bases de datos distribuidas -- Seguridad e integridad -- Estudio de casos -- Modelo de red -- Modelo Jer&#xE1;rquico</subfield>
  </datafield>
  <datafield tag="520" ind1="3" ind2=" ">
    <subfield code="a">Esta obra presenta de manera conceptual, clara y rigurosa los conceptos fundamentales de las bases de datos, y ayuda a resolver los problemas de dise&#xF1;o, lenguaje e implementaci&#xF3;n y utilizaci&#xF3;n de las bases de datos. Empieza describiendo los principales modelos de bases de datos: entidad-relaci&#xF3;n, relacional, de red y jer&#xE1;rquica. Contin&#xFA;a con varios cap&#xED;tulos dedicados a la organizaci&#xF3;n f&#xED;sica de las bases de datos, t&#xE9;cnicas de indexaci&#xF3;n, y finaliza abordando temas avanzados y tendencias actuales como bases de datos orientadas a objetos, y seguridad e integridad de las bases de datos. No se centra en ning&#xFA;n sistema o equipo espec&#xED;fico por lo cual puede ser usado como texto para cursos introductorios de bases de datos.</subfield>
  </datafield>
  <datafield tag="546" ind1=" " ind2=" ">
    <subfield code="a">Traducido del ingl&#xE9;s.</subfield>
  </datafield>
  <datafield tag="650" ind1="1" ind2="4">
    <subfield code="a">Bases de datos</subfield>
    <subfield code="9">1875</subfield>
  </datafield>
  <datafield tag="650" ind1="2" ind2="4">
    <subfield code="a">Almacenamiento y recuperaci&#xF3;n de informaci&#xF3;n</subfield>
    <subfield code="9">36589</subfield>
  </datafield>
  <datafield tag="700" ind1="1" ind2=" ">
    <subfield code="a">Silberschatz, Abraham, </subfield>
    <subfield code="e">autor</subfield>
    <subfield code="9">36590</subfield>
  </datafield>
  <datafield tag="700" ind1="1" ind2=" ">
    <subfield code="a">Vaquero Martin, Ma. Angeles, </subfield>
    <subfield code="e">traductora</subfield>
    <subfield code="9">36591</subfield>
  </datafield>
  <datafield tag="700" ind1="1" ind2=" ">
    <subfield code="a">Vaquero Garc&#xED;a, Antonio, </subfield>
    <subfield code="e">traductor</subfield>
    <subfield code="9">36592</subfield>
  </datafield>
  <datafield tag="700" ind1="1" ind2=" ">
    <subfield code="a">Vila Miranda, Ma. Amparo, </subfield>
    <subfield code="e">revisora</subfield>
    <subfield code="9">36593</subfield>
  </datafield>
  <datafield tag="942" ind1=" " ind2=" ">
    <subfield code="2">ddc</subfield>
    <subfield code="c">BK</subfield>
  </datafield>
  <datafield tag="999" ind1=" " ind2=" ">
    <subfield code="c">15507</subfield>
    <subfield code="d">15507</subfield>
  </datafield>
  <datafield tag="952" ind1=" " ind2=" ">
    <subfield code="0">0</subfield>
    <subfield code="1">0</subfield>
    <subfield code="2">ddc</subfield>
    <subfield code="4">0</subfield>
    <subfield code="7">0</subfield>
    <subfield code="8">NFIC</subfield>
    <subfield code="a">CPL</subfield>
    <subfield code="b">CPL</subfield>
    <subfield code="d">2020-10-02</subfield>
    <subfield code="e">Donaci&#xF3;n</subfield>
    <subfield code="l">1</subfield>
    <subfield code="o">005.74 /  K854f</subfield>
    <subfield code="p">201811007</subfield>
    <subfield code="r">2024-05-16 00:00:00</subfield>
    <subfield code="s">2023-03-28</subfield>
    <subfield code="t">Ej.1</subfield>
    <subfield code="w">2021-03-26</subfield>
    <subfield code="y">BK</subfield>
  </datafield>
</record>
